00922pab a2200181 454500008004000000100001800040245009800058260000900156300001300165362001100178520034200189650002500531650001800556773003400574909001000608999001700618952010500635180718b2000 xxu||||| |||| 00| 0 eng d aBaxi, Upendra aKar Seva of the Indian constitution?: reflections on proposals for review of the constitution c2000 ap.891-95 a11 Mar aThe review of the Constitution that has been instituted is a carefully planned political exercise. The oligarchic and patriarchal composition of the review commission is replete with authority figures and carefully excludes any imaginative voice from communities of social and human rights activism and independent scholars. - Reproduced aIndia - Constitution aConstitutions aEconomic and Political Weekly a44216 c44216d44216 00104070aIIPAbIIPAd2018-07-19hVolume no: 35, Issue no: 11pAR44624r2018-07-19w2018-07-19yAR